000 00912nas a2200289 4500
001 BR0702880
003 BR-BrBNA
005 20231205110826.0
007 ta
008 230509b bl.|||p| |||| 00| 00por d
040 _aBR-BrBNA
_bpor
_cBiblioteca Nacional de Agricultura
041 _a(Pt)
072 _aE70
100 1 _aHenz, R.
100 1 _aVenturelli, P.N.
100 1 _aMarques, M.
100 1 _aBarbosa, M.M.T.L.
100 1 _aMoraes, A.L. de
245 1 _aRodada Uruguai: modalidades de compromissos e impacto no setor agrícola
650 _aCOMERCIALIZAÇÃO
650 _aSETOR AGRÍCOLA
650 _aIMPACTO ECONÔMICO
773 0 _tRevista de Política Agrícola (Brazil)
_xISSN 1413-4969
_g(Jan-Mar 1994), v. 3(1) p. 7-12
_wBR0702880
856 4 _uRev_Pol_Agr_v3_n1-1994.pdf#page=8
_yRecurso eletrônico (PDF)
909 _a202311
_bLúcia
_c55
_dLúcia Elande
942 _2AGRIS
_n0
_cANA
999 _c189277
_d189277